000 00534cam a2200145 4500500
005 20260329022200.0
041 _afre
042 _adc
100 1 0 _aRivet de Sabatier, Philippe
_eauthor
245 0 0 _aGrégoire Biasini et Karine Berger Quand la France se détourne de la science Odile Jacob, 2025, 224 pages, 22,90 €.
260 _c2026.
500 _a9
786 0 _nÉtudes | 4335 | 3 | 2026-02-25 | p. 123-123 | 0014-1941
856 4 1 _uhttps://shs.cairn.info/revue-etudes-2026-3-page-123?lang=fr&redirect-ssocas=7080
999 _c1918244
_d1918244